00829nas a2200229Ia 4500001001100000003000900011008004100020040001300061040001300074041001300087100004500100210001700145222001700162245008500179250001100264260004600275501008600321300001700407362003900424500010000463650003600563R020/75121IT-RoPAU151124c99999999xx |||||||||||| ||und|| aIT-RoPAU cIT-RoPAU aITALIANO aGeltzer GeorgegCodice Aut. SPICS: 25912 aGRIFFITHIANA aGriffithiana aGRIFFITHIANA, ANNO 11-N.32/33 (SETTEMBRE 1988)bCarriera di Reginald Barker (La) a1a ed. aGEMONA (UDINE)bCINETECA DEL FRIULIc1988 bPaulus - SPICS - Società San Paolo EM (non-commercial uses only)cCopyright2015 a8 p. [57-64] aANNO 011, N.32/33 (SETTEMBRE 1988) aNote Biografiche e dei Film di Uno degli Eroi del Primo Cinema Muto Americano Reginald Barker. aCINEMAvPUBBLICAZIONE PERIODICA